Der deutsch-russische handels- und schiffahrtsvertrag vom 20. märz 1894. (Record no. 23736)
[ view plain ]
| 000 -LEADER | |
|---|---|
| fixed length control field | 00871cam a22002531 4500 |
| 001 - CONTROL NUMBER | |
| control field | g 01001415 |
| 003 - CONTROL NUMBER IDENTIFIER | |
| control field | DLC |
| 005 - DATE AND TIME OF LATEST TRANSACTION | |
| control field | 20260227111254.0 |
| 008 - FIXED-LENGTH DATA ELEMENTS--GENERAL INFORMATION | |
| fixed length control field | 930121s1900 gw a b 000 0 ger |
| 010 ## - LIBRARY OF CONGRESS CONTROL NUMBER | |
| LC control number | g 01001415 |
| 035 ## - SYSTEM CONTROL NUMBER | |
| System control number | (OCoLC)27303890 |
| 040 ## - CATALOGING SOURCE | |
| Original cataloging agency | DLC |
| Transcribing agency | CU |
| Modifying agency | CU |
| -- | DLC |
| 050 00 - LIBRARY OF CONGRESS CALL NUMBER | |
| Classification number | HB41 |
| Item number | .S7 bd. 17, heft 3 |
| 100 1# - MAIN ENTRY--PERSONAL NAME | |
| Personal name | Human, Arthur Alfred. |
| 245 14 - TITLE STATEMENT | |
| Title | Der deutsch-russische handels- und schiffahrtsvertrag vom 20. märz 1894. |
| Statement of responsibility, etc. | Von Arthur Human. |
| 260 ## - PUBLICATION, DISTRIBUTION, ETC. | |
| Place of publication, distribution, etc. | Leipzig, |
| Name of publisher, distributor, etc. | Duncker & Humblot, |
| Date of publication, distribution, etc. | 1900. |
| 300 ## - PHYSICAL DESCRIPTION | |
| Extent | 4 p. l., 94 p. incl. tables. |
| Dimensions | 23 cm. |
| 440 #0 - SERIES STATEMENT/ADDED ENTRY--TITLE | |
| Title | Staats- und socialwissenschaftliche forschungen, |
| Volume/sequential designation | 17. bd. 3. hft.[i.e. 75. Hft.] |
| 504 ## - BIBLIOGRAPHY, ETC. NOTE | |
| Bibliography, etc. note | "Litteraturangabe": 4th preliminary leaf. |
| 650 #0 - SUBJECT ADDED ENTRY--TOPICAL TERM | |
| Topical term or geographic name entry element | Tariff |
| Geographic subdivision | Germany. |
| 650 #0 - SUBJECT ADDED ENTRY--TOPICAL TERM | |
| Topical term or geographic name entry element | Tariff |
| Geographic subdivision | Russia. |
| 651 #0 - SUBJECT ADDED ENTRY--GEOGRAPHIC NAME | |
| Geographic name | Germany |
| General subdivision | Commerce |
| Geographic subdivision | Russia. |
| 651 #0 - SUBJECT ADDED ENTRY--GEOGRAPHIC NAME | |
| Geographic name | Russia |
| General subdivision | Commerce |
| Geographic subdivision | Germany. |
No items available.